LEADER 01165nam a2200277 u 4500 001 000000113774 003 CaOOAMICUS 005 20081104124834.0 008 081104s2005 it u000 u ita r 020 $a88-545-0037-2 040 $aPUL$bita$dLDB 041 1 $aita$heng 100 1 $aWittgenstein, Ludwig,$d1889-1951.$0(OLS)http://pul/name/8445 240 10$aRecollection of Wittgenstein.$lItaliano.$0(OLS)http://pul/title/142968 245 10$aConversazioni e ricordi /$cLudwig Wittgenstein ; traduzione di Emanuele Coccia e Vincenzo Mingiardi. 260 $aRoma :$bNeri Pozza,$cc2005. 300 $a235 p. ;$c22 cm. 490 1 $aQuarta prosa 600 14$aWittgenstein, Ludwig,$d1889-1951.$0(OLS)http://pul/subject/5985 830 0$aQuarta prosa.$0(OLS)http://pul/title/142971 850 $aPUL 852 $aPUL$W1$xSL Filosofia 3$y81$m193 WITLU 2$j129975$qDDC 21$q $B129048$CPULBib$Z2$F129048 $H108569 $81 941 1 $a9 996 $6020$a88-545-0037-2$9(OLS)http://pul/number/139095 996 $6245$aConversazioni e ricordi$9(OLS)http://pul/title/142969 996 $6260$aRoma :$bNeri Pozza$9(OLS)http://pul/publisher/68295 LEADER 01412nam a2200325 u 4500 001 000000084500 003 CaOOAMICUS 005 20131126134420.0 008 050622s2004 gw u000 u ger u 020 $a3429026059 035 $a11052356 040 $aPUL$bita 100 1 $aXaver Bischof, Franz.$0(OLS)http://pul/name/55664 245 10$aVierzig Jahre II. Vatikanum :$bzur Wirkungsgeschichte der Konzilstexte /$cFranz Xaver Bischof, Stephan Leimgruber (Hg.) 260 $aWürzburg :$bEchter,$c2004. 300 $a424 p. ;$c22 cm 500 $aComprende indici. 504 $aBibliografia in nota. 611 24$aConcilium Vaticanum$n(2 :$d1962-1965).$0(OLS)http://pul/subject/71 700 1 $aLeimgruber, Stephan.$0(OLS)http://pul/name/36235 850 $aPUL 852 $aPUL$W1$xSL Religione 3$y85$m262 XAVFR 1$j107449$nBK-PRI$b $qDDC 21$B107449$CPULBib$Z2$F107449 $HPUL98456 $82 852 $aPUL$W1$xFondo C.V.II$y119$mSTO GEN 51$j157094$qFondi$B156587$CPULBib$Z2$F156587 $HCVII133 $82 941 1 $a9 941 1 $a1 960 $aConcilio Vaticano II (1962-1965)$971 996 $6020$a3429026059$9(OLS)http://pul/number/111934 996 $6245$aVierzig Jahre II. Vatikanum :$bzur Wirkungsgeschichte der Konzilstexte$9(OLS)http://pul/title/109900 996 $6260$aWürzburg :$bEchter$9(OLS)http://pul/publisher/52669